Court of Appeal Criminal Appeal No. 81 of 2000 Kabwiso Issa vs Uganda (Record no. 3234)
[ view plain ]
| 000 -LEADER | |
|---|---|
| fixed length control field | 00545nam a22001097a 4500 |
| 008 - FIXED-LENGTH DATA ELEMENTS--GENERAL INFORMATION | |
| fixed length control field | 110617t xxu||||| |||| 00| 0 eng d |
| 010 ## - LIBRARY OF CONGRESS CONTROL NUMBER | |
| LC control number | CACAF45 |
| 245 ## - TITLE STATEMENT | |
| Title | Court of Appeal Criminal Appeal No. 81 of 2000 Kabwiso Issa vs Uganda |
| 260 ## - PUBLICATION, DISTRIBUTION, ETC. (IMPRINT) | |
| Date of publication, distribution, etc | 2000 |
| 500 ## - GENERAL NOTE | |
| General note | CORAM: HON. JUSTICE L.E.M. MKASA- KIKONYOGO ,DCJ;<br/> HON. JUSTICE G.M.OKELLO, JA<br/> HON. JUSTICE A.E.N. MPAGI-BAHIGEINE,JA |
| 500 ## - GENERAL NOTE | |
| General note | Appeal from the judgment of the High Court at Kampala before G . Tinyinondi J Criminal Session No.124(1) of 29-9-2000 |
| Withdrawn status | Lost status | Source of classification or shelving scheme | Damaged status | Koha normalized classification for sorting | Not for loan | Location (home branch) | Sublocation or collection (holding branch) | Shelving location | Date acquired | Koha issues (times borrowed) | Koha full call number | Piece designation (barcode) | Koha date last seen | Price effective from | Koha item type |
|---|---|---|---|---|---|---|---|---|---|---|---|---|---|---|---|
| Dewey Decimal Classification | 182000 | Law Development Centre Main Library | Law Development Centre Main Library | Law Reports | 06/17/2011 | 18/2000 | 18/2000/1 | 06/17/2011 | 06/17/2011 | Un Reported Cases | |||||
| Dewey Decimal Classification | 182000 | Law Development Centre Main Library | Law Development Centre Main Library | Law Reports | 06/17/2011 | 18/2000 | 18/2000/2 | 06/17/2011 | 06/17/2011 | Un Reported Cases |
